|
|
|
|
| LEADER |
00000nam0a2200000 4500 |
| 001 |
104857 |
| 005 |
20231031114156.0 |
| 035 |
|
|
|a (RuTPU)RU\TPU\book\113067
|
| 090 |
|
|
|a 104857
|
| 100 |
|
|
|a 20061109d1955 k y0rusy50 ca
|
| 101 |
0 |
|
|a rus
|
| 102 |
|
|
|a RU
|
| 105 |
|
|
|a a z 000zy
|
| 200 |
1 |
|
|a Технический анализ твердого топлива
|f С. И. Петренко
|g Львовский политехнический институт
|
| 210 |
|
|
|a Львов
|c Изд-во Львовского ун-та
|d 1955
|
| 215 |
|
|
|a 108 с.
|c ил.
|
| 610 |
1 |
|
|a твердое топливо
|
| 610 |
1 |
|
|a технический анализ
|
| 610 |
1 |
|
|a пробы
|
| 610 |
1 |
|
|a отбор
|
| 610 |
1 |
|
|a уголь
|
| 610 |
1 |
|
|a влага
|
| 610 |
1 |
|
|a летучие вещества
|
| 610 |
1 |
|
|a спекаемость
|
| 610 |
1 |
|
|a сера
|
| 610 |
1 |
|
|a водород
|
| 610 |
1 |
|
|a теплотворная способность
|
| 610 |
1 |
|
|a калориметры
|
| 675 |
|
|
|a 662.62
|v 3
|
| 700 |
|
1 |
|a Петренко
|b С. И.
|g Степан Ильич
|
| 712 |
0 |
2 |
|a Львовский политехнический институт
|2 stltpush
|3 (RuTPU)RU\TPU\col\8032
|
| 801 |
|
1 |
|a RU
|b 63413507
|c 20061109
|g PSBO
|
| 801 |
|
2 |
|a RU
|b 63413507
|c 20070428
|g PSBO
|
| 942 |
|
|
|c BK
|